| 000 | 00698nam a2200241 a 4500 | ||
|---|---|---|---|
| 001 | BRL_1297 | ||
| 005 | 20190320211131.0 | ||
| 008 | 020114t1961----nyuao#####---#000-0#eng-# | ||
| 041 | _aeng | ||
| 044 | _anyu | ||
| 050 | 4 |
_aF1463 _b.K45 1961 |
|
| 100 | 1 |
_aKelsey, Vera _926420 |
|
| 245 | 1 | 0 |
_aFour keys to Guatemala _cby Vera Kelsey and Lilly de Jongh Osborne. |
| 260 |
_aNew York _bFunk & Wagnalls Company _c1961 |
||
| 300 |
_axiv, 332 p. _bil. _c22 cm. |
||
| 500 | _aAu1536 | ||
| 504 | _aBibliografía: p. 319-323 | ||
| 650 | 1 | 4 |
_aIndígenas de América Central _926421 |
| 651 | 4 |
_aGuatemala _vGuías _926422 |
|
| 700 | 1 |
_aOsborne de Jongh, Lilly. _926423 |
|
| 902 | _aGRL | ||
| 942 |
_2lcc _cB |
||
| 999 |
_c10109 _d10109 |
||